[Event "Labour Day op"]
[Site "Victoria CAN"]
[Date "2005.09.04"]
[Round "4.3"]
[White "Hunt, Lorne"]
[Black "Moore, Harry"]
[Result "0-1"]
[WhiteElo "1907"]
[BlackElo "2301"]
[PlyCount "72"]
[GameId "2160767910900511"]
[EventDate "2005.09.03"]
[EventType "swiss"]
[EventRounds "6"]
[EventCountry "CAN"]

1. c4 b6 2. Nc3 Bb7 3. Nf3 e6 4. d4 Nf6 5. e3 Bb4 6. a3 Bxc3+ 7. bxc3 O-O 8. Qc2 Ne4 9. Bd3 f5 10. O-O Qf6 11. a4 d6 12. Re1 Nd7 13. Bf1 Qg6 14. Nh4 Qh5 15. g3 g5 16. Be2 Qh6 17. Nf3 Ndf6 18. Nd2 Nxf2 19. Bf3 N2g4 20. Bxg4 Nxg4 21. Nf1 Be4 22. Qe2 Qh3 23. a5 Rf6 24. axb6 cxb6 25. Ba3 Rd8 26. Ra2 Rh6 27. Bc1 Kg7 28. Rxa7+ Kg6 29. Ra2 Nxh2 30. Qxh2 Qg4 31. Qxh6+ Kxh6 32. Rh2+ Kg6 33. Ree2 Ra8 34. Ref2 Ra1 35. Bd2 Rxf1+ 36. Rxf1 Qxg3+ 0-1

[Event "Labour Day op"]
[Site "Victoria CAN"]
[Date "2005.09.04"]
[Round "4.4"]
[White "Patterson, Roger"]
[Black "Beaudin, Jesse"]
[Result "1/2-1/2"]
[WhiteElo "2178"]
[BlackElo "1775"]
[PlyCount "92"]
[GameId "2160767910900512"]
[EventDate "2005.09.03"]
[EventType "swiss"]
[EventRounds "6"]
[EventCountry "CAN"]

1. e4 e6 2. d4 d5 3. Nc3 Nf6 4. e5 Nfd7 5. Nce2 c5 6. c3 Nc6 7. f4 cxd4 8. cxd4 Bb4+ 9. Bd2 Bxd2+ 10. Qxd2 Qa5 11. Nc3 a6 12. Nf3 b5 13. Be2 Bb7 14. O-O Rc8 15. a3 g6 16. Rad1 b4 17. axb4 Qxb4 18. Kh1 h5 19. Ra1 Qb6 20. Ra3 Na5 21. Nxd5 Bxd5 22. Rxa5 Rb8 23. Rxa6 Qxb2 24. Qd1 O-O 25. Ra1 Rfc8 26. Rb1 Qxb1 27. Qxb1 Rxb1 28. Rxb1 Rc2 29. Bd3 Ra2 30. Ne1 Rd2 31. Kg1 Bxg2 32. Bxg6 fxg6 33. Nxg2 Rxd4 34. Kf2 Rd2+ 35. Kg3 Rd3+ 36. Kh4 Rf3 37. Rg1 Kf7 38. Kg5 Nb6 39. Nh4 Rh3 40. Nxg6 Nd5 41. f5 exf5 42. Kxf5 Ne3+ 43. Ke4 Ng4 44. Nf4 Nxe5 45. Kxe5 h4 46. Kf5 Rxh2 1/2-1/2

[Event "Labour Day op"]
[Site "Victoria CAN"]
[Date "2005.09.04"]
[Round "4.6"]
[White "Jones, Cliff"]
[Black "Cannon, Farley"]
[Result "1-0"]
[WhiteElo "1689"]
[BlackElo "1552"]
[PlyCount "73"]
[GameId "2160767910900513"]
[EventDate "2005.09.03"]
[EventType "swiss"]
[EventRounds "6"]
[EventCountry "CAN"]

1. e4 e5 2. Nf3 Nc6 3. Bc4 Nf6 4. d3 Be7 5. c3 d5 6. exd5 Nxd5 7. Qb3 Na5 8. Qa4+ c6 9. Bxd5 Qxd5 10. b4 b5 11. Qxa5 Qxd3 12. Qa3 Bg4 13. c4 Qxc4 14. Nbd2 Bxb4 15. Qe3 Qc3 16. Qxc3 Bxc3 17. Rb1 Bf5 18. Rb3 b4 19. Rxc3 bxc3 20. Nc4 O-O 21. Ne3 Bd3 22. Nxe5 Bb5 23. Kd1 Rfe8 24. N5c4 Ba4+ 25. Ke2 Rad8 26. Kf3 c5 27. Ba3 Bc6+ 28. Kg3 Rd3 29. Rd1 Red8 30. Rxd3 Rxd3 31. Ne5 Rd6 32. Nf5 Rd1 33. Bxc5 Ba4 34. Ne7+ Kf8 35. Nd5+ Ke8 36. Nxc3 Rd8 37. Nxa4 1-0

[Event "Labour Day op"]
[Site "Victoria CAN"]
[Date "2005.09.04"]
[Round "4.6"]
[White "Steinbach, Chris"]
[Black "Raymer, Elliot"]
[Result "0-1"]
[WhiteElo "1471"]
[BlackElo "1660"]
[PlyCount "122"]
[GameId "2160767910900514"]
[EventDate "2005.09.03"]
[EventType "swiss"]
[EventRounds "6"]
[EventCountry "CAN"]

1. e4 e5 2. Nf3 Nc6 3. Bb5 a6 4. Bxc6 dxc6 5. O-O Bd6 6. h3 Nf6 7. Nc3 h6 8. d4 exd4 9. Qxd4 c5 10. Qd3 Nd7 11. e5 Be7 12. Re1 O-O 13. e6 fxe6 14. Rxe6 Nf6 15. Qxd8 Bxd8 16. Re5 b6 17. Nd5 Nxd5 18. Rxd5 Bb7 19. Rd3 Be4 20. Rc3 Bf6 21. Rc4 Bd5 22. Rf4 g5 23. Rg4 Be6 24. Re4 Bd5 25. Rg4 Be7 26. Bxg5 hxg5 27. Nxg5 Kh8 28. Re1 Bxg5 29. Rxg5 Bb7 30. Re7 Rf6 31. Rxc7 Be4 32. Rh5+ Kg8 33. Rg5+ Rg6 34. Rxg6+ Bxg6 35. Rc6 Bxc2 36. Rxb6 c4 37. Rc6 Rb8 38. Rxc4 Rxb2 39. a4 Ra2 40. a5 Bd3 41. Rg4+ Kf7 42. Rg5 Bb5 43. h4 Rxa5 44. h5 Ra1+ 45. Kh2 Bd3 46. Rd5 Bc2 47. h6 a5 48. Rh5 Kg8 49. g4 a4 50. f4 a3 51. f5 a2 52. Rg5+ Kh8 53. f6 Rf1 54. Ra5 a1=Q 55. Rxa1 Rxa1 56. Kg3 Bg6 57. Kf4 Ra5 58. g5 Kh7 59. Kg4 Bf7 60. Kf4 Kg6 61. Kg4 Rxg5+ 0-1

[Event "Labour Day op"]
[Site "Victoria CAN"]
[Date "2005.09.04"]
[Round "4.8"]
[White "Tate, William"]
[Black "Sauve, Ronald"]
[Result "0-1"]
[WhiteElo "1928"]
[BlackElo "1787"]
[PlyCount "120"]
[GameId "2160767910900515"]
[EventDate "2005.09.03"]
[EventType "swiss"]
[EventRounds "6"]
[EventCountry "CAN"]

1. e4 c5 2. Nf3 Nc6 3. d4 cxd4 4. Nxd4 Nf6 5. Nc3 e5 6. Ndb5 d6 7. Bg5 a6 8. Na3 b5 9. Nd5 Be7 10. Nxe7 Nxe7 11. Bd3 Bb7 12. Qe2 Nd7 13. b4 O-O 14. O-O f6 15. Be3 d5 16. exd5 Nxd5 17. Qh5 f5 18. Bxf5 N7f6 19. Qh3 Nxe3 20. fxe3 Qe7 21. Rad1 g6 22. Be6+ Kg7 23. Rxf6 Kxf6 24. Bg4 Qxb4 25. c3 Qxa3 26. Qh6 Bxg2 27. Kxg2 Rad8 28. Rf1+ Ke7 29. Qg7+ Ke8 30. Qxe5+ Qe7 31. Rxf8+ Kxf8 32. Qh8+ Kf7 33. Qxh7+ Kf6 34. Qh4+ g5 35. Qf2+ Kg7 36. Qe2 Qf6 37. Qf3 Qxf3+ 38. Kxf3 Rd2 39. Be6 Kf6 40. Bb3 Rxh2 41. c4 bxc4 42. Bxc4 a5 43. Kg3 Rh5 44. Bg8 Ke5 45. Kf3 g4+ 46. Kg3 Rh3+ 47. Kxg4 Rxe3 48. Bf7 Kd4 49. Kf4 Re1 50. Bb3 Kc3 51. Kf3 Kb4 52. Kf2 Re7 53. Bg8 a4 54. Bd5 Kc3 55. Bc6 a3 56. Bd5 Kb2 57. Bg8 Ka1 58. Kf3 Re1 59. Kf2 Rb1 60. Ke3 Rb2 0-1

[Event "Labour Day op"]
[Site "Victoria CAN"]
[Date "2005.09.05"]
[Round "5.2"]
[White "Cheng, Bindi"]
[Black "Leblanc, Paul"]
[Result "1-0"]
[WhiteElo "2338"]
[BlackElo "1916"]
[PlyCount "73"]
[GameId "2160767910900517"]
[EventDate "2005.09.03"]
[EventType "swiss"]
[EventRounds "6"]
[EventCountry "CAN"]

1. e4 c6 2. d4 d5 3. Nc3 dxe4 4. Nxe4 Nf6 5. Nxf6+ gxf6 6. g3 Bf5 7. Bg2 e6 8. Ne2 Nd7 9. c3 Qc7 10. Bf4 e5 11. Be3 O-O-O 12. Qa4 a6 13. c4 Bd3 14. d5 c5 15. Qb3 Bxe2 16. Kxe2 f5 17. Rhd1 Bd6 18. Bg5 Rde8 19. Bh3 Rhg8 20. Bh4 f4 21. Qa4 e4 22. gxf4 Bxf4 23. b4 cxb4 24. c5 Qxc5 25. Bg3 Qc4+ 26. Ke1 Qc3+ 27. Kf1 Qc4+ 28. Kg1 Kb8 29. Qxd7 e3 30. Rf1 exf2+ 31. Rxf2 Bxg3 32. hxg3 Rxg3+ 33. Kh2 Ree3 34. Bg2 Qh4+ 35. Kg1 Qg5 36. d6 Qe5 37. Qxb7# 1-0

[Event "Labour Day op"]
[Site "Victoria CAN"]
[Date "2005.09.05"]
[Round "5.3"]
[White "Sauve, Ronald"]
[Black "Patterson, Roger"]
[Result "0-1"]
[WhiteElo "1787"]
[BlackElo "2178"]
[PlyCount "75"]
[GameId "2160767910900518"]
[EventDate "2005.09.03"]
[EventType "swiss"]
[EventRounds "6"]
[EventCountry "CAN"]

1. d4 Nf6 2. c4 e6 3. Nf3 b6 4. e3 Bb7 5. Bd3 Be7 6. Nc3 d5 7. O-O O-O 8. cxd5 exd5 9. Qc2 c5 10. b3 Na6 11. a3 Nc7 12. Bb2 Ne6 13. Rfd1 Rc8 14. Qe2 cxd4 15. Nxd4 Nxd4 16. exd4 Re8 17. Bb5 Bc6 18. Bxc6 Rxc6 19. Qb5 Re6 20. Re1 Bd6 21. Rxe6 Rxe6 22. Qd3 Ne4 23. Nxe4 Rxe4 24. g3 Qe7 25. Rc1 f5 26. Rc8+ Kf7 27. f3 Re1+ 28. Kf2 Kf6 29. Bc3 Re6 30. b4 Qd7 31. Rh8 h6 32. g4 fxg4 33. fxg4 Kf7 34. h3 Qe7 35. Bd2 Bc7 36. Kf3 Qd6 37. Kg2 Qh2+ 38. Kf1 0-1

[Event "Labour Day op"]
[Site "Victoria CAN"]
[Date "2005.09.05"]
[Round "5.4"]
[White "Raymer, Elliot"]
[Black "Hunt, Lorne"]
[Result "1-0"]
[WhiteElo "1660"]
[BlackElo "1907"]
[PlyCount "63"]
[GameId "2160767910900519"]
[EventDate "2005.09.03"]
[EventType "swiss"]
[EventRounds "6"]
[EventCountry "CAN"]

1. e4 d6 2. d4 Nf6 3. Nc3 g6 4. f3 Bg7 5. Be3 Nbd7 6. Qd2 h6 7. O-O-O e5 8. Bc4 exd4 9. Bxd4 O-O 10. Be3 Kh7 11. g4 Ne5 12. Bb3 b6 13. h3 a5 14. f4 Ned7 15. a4 Ng8 16. Nf3 Bb7 17. Nd5 Nc5 18. Bxc5 bxc5 19. f5 Nf6 20. Qd3 c6 21. fxg6+ fxg6 22. Nf4 Qe8 23. Ne6 Rf7 24. g5 Ng8 25. gxh6 Rxf3 26. Ng5+ Kxh6 27. Qxf3 Kxg5 28. Qg4+ Kf6 29. Rhf1+ Ke7 30. Qe6+ Kd8 31. Qxd6+ Kc8 32. Be6+ 1-0

[Event "Labour Day op"]
[Site "Victoria CAN"]
[Date "2005.09.05"]
[Round "5.5"]
[White "Steinbach, Chris"]
[Black "Jones, Cliff"]
[Result "0-1"]
[WhiteElo "1471"]
[BlackElo "1689"]
[PlyCount "93"]
[GameId "2160767910900520"]
[EventDate "2005.09.03"]
[EventType "swiss"]
[EventRounds "6"]
[EventCountry "CAN"]

1. e4 d5 2. exd5 Qxd5 3. Nc3 Qd8 4. d4 Nf6 5. Nf3 Bg4 6. h3 Bxf3 7. Qxf3 c6 8. Be3 a5 9. O-O-O e6 10. Bd3 Bd6 11. Rhe1 Nbd7 12. Bf4 Bxf4+ 13. Qxf4 a4 14. g4 a3 15. b3 O-O 16. g5 Nd5 17. Nxd5 cxd5 18. h4 Qa5 19. Qd2 Qc7 20. h5 Rac8 21. g6 hxg6 22. hxg6 Qc3 23. Qxc3 Rxc3 24. gxf7+ Rxf7 25. Rxe6 Rxf2 26. Rd2 Kf7 27. Rxf2+ Kxe6 28. Bf5+ Kd6 29. Bxd7 Kxd7 30. Rf7+ Kc6 31. Rxg7 Rh3 32. Rg8 Rh1+ 33. Kd2 Ra1 34. Kc3 Rxa2 35. Kb4 Ra1 36. Ra8 a2 37. Kc3 b5 38. Kb2 Rd1 39. c3 b4 40. Rxa2 Rd2+ 41. Kb1 Rxa2 42. Kxa2 bxc3 43. Kb1 Kb5 44. Kc2 Kb4 45. Kb1 Kxb3 46. Kc1 c2 47. Kd2 0-1

[Event "Labour Day op"]
[Site "Victoria CAN"]
[Date "2005.09.05"]
[Round "5.6"]
[White "Raymer, Evan"]
[Black "Beaudin, Jesse"]
[Result "0-1"]
[WhiteElo "1696"]
[BlackElo "1775"]
[PlyCount "56"]
[GameId "2160767910900521"]
[EventDate "2005.09.03"]
[EventType "swiss"]
[EventRounds "6"]
[EventCountry "CAN"]

1. e4 e6 2. d4 d5 3. Nd2 Nf6 4. e5 Nfd7 5. c3 c5 6. Bd3 Nc6 7. Ne2 Qb6 8. Nf3 cxd4 9. cxd4 Nb4 10. Bb1 f6 11. a3 Nc6 12. Nf4 Na5 13. O-O Nb3 14. Ra2 fxe5 15. Nxe5 Nxe5 16. Qh5+ Nf7 17. Re1 Nxc1 18. Qxd5 Qd6 19. Qf5 Be7 20. Nxe6 Bxe6 21. Rxe6 Qxd4 22. h3 g6 23. Qf3 Rd8 24. Qxb7 Rd7 25. Qc8+ Nd8 26. Ra1 Ne2+ 27. Kh2 Qf4+ 28. Kh1 Rd1# 0-1

[Event "Labour Day op"]
[Site "Victoria CAN"]
[Date "2005.09.05"]
[Round "5.8"]
[White "Cannon, Farley"]
[Black "Kalamae, Mike"]
[Result "1/2-1/2"]
[WhiteElo "1552"]
[BlackElo "1370"]
[PlyCount "79"]
[GameId "2160767910900522"]
[EventDate "2005.09.03"]
[EventType "swiss"]
[EventRounds "6"]
[EventCountry "CAN"]

1. e4 c6 2. d4 d5 3. e5 Bf5 4. Nf3 e6 5. Be2 c5 6. c3 a6 7. O-O b5 8. Be3 c4 9. Qc1 b4 10. Bg5 Qd7 11. Bd1 h6 12. Bd2 Nc6 13. Ba4 a5 14. Qe1 Rb8 15. cxb4 Bxb4 16. Nc3 Rb6 17. Nb5 Bd3 18. Na7 Qxa7 19. Bxb4 axb4 20. Bxc6+ Rxc6 21. Qxb4 Bxf1 22. Kxf1 Ne7 23. a4 O-O 24. Ra3 Nf5 25. Qd2 Ra6 26. g4 Ne7 27. Qc2 g5 28. h4 gxh4 29. Qd2 Kg7 30. g5 Rh8 31. Nxh4 Ng6 32. Rh3 Nxh4 33. Rxh4 h5 34. Qf4 Kf8 35. Qf6 Rg8 36. Qd8+ Kg7 37. Qf6+ Kf8 38. Qd8+ Kg7 39. Qf6+ Kf8 40. Qd8+ 1/2-1/2

[Event "Labour Day op"]
[Site "Victoria CAN"]
[Date "2005.09.05"]
[Round "6.2"]
[White "Patterson, Roger"]
[Black "Leblanc, Paul"]
[Result "0-1"]
[WhiteElo "2178"]
[BlackElo "1916"]
[PlyCount "60"]
[GameId "2160767910900523"]
[EventDate "2005.09.03"]
[EventType "swiss"]
[EventRounds "6"]
[EventCountry "CAN"]

1. e4 c6 2. d4 d5 3. exd5 cxd5 4. Bd3 Nc6 5. c3 Nf6 6. Bf4 Bg4 7. Qb3 Na5 8. Qc2 e6 9. Nd2 Bd6 10. Bxd6 Qxd6 11. Ngf3 Nc6 12. O-O O-O 13. Rae1 Rac8 14. a3 a6 15. Ne5 Bh5 16. Qb1 Bg6 17. f4 Bxd3 18. Qxd3 g6 19. g4 b5 20. Qg3 Na5 21. Qh4 Qd8 22. Re3 Nc4 23. Ndxc4 bxc4 24. Qh6 Rc7 25. Rh3 Kh8 26. g5 Nh5 27. Ng4 f5 28. Ne5 Rg8 29. Nxg6+ Rxg6 30. Qxg6 hxg6 0-1

[Event "Labour Day op"]
[Site "Victoria CAN"]
[Date "2005.09.05"]
[Round "6.3"]
[White "Sauve, Ronald"]
[Black "Neufahrt, Gerhard"]
[Result "0-1"]
[WhiteElo "1787"]
[BlackElo "1966"]
[PlyCount "40"]
[GameId "2160767910900524"]
[EventDate "2005.09.03"]
[EventType "swiss"]
[EventRounds "6"]
[EventCountry "CAN"]

1. d4 c6 2. c4 g6 3. Nc3 h5 4. e4 d6 5. f4 Nh6 6. Nf3 Bg7 7. Be2 Bg4 8. Ng5 Qb6 9. d5 Nd7 10. h3 Bxe2 11. Qxe2 Qb4 12. O-O Bd4+ 13. Be3 Bxe3+ 14. Qxe3 Qxc4 15. Rac1 Qc5 16. Qxc5 Nxc5 17. b4 Nd7 18. dxc6 bxc6 19. b5 c5 20. Nd5 Rc8 0-1

[Event "Labour Day op"]
[Site "Victoria CAN"]
[Date "2005.09.05"]
[Round "6.5"]
[White "Jones, Cliff"]
[Black "Raymer, Evan"]
[Result "0-1"]
[WhiteElo "1689"]
[BlackElo "1696"]
[PlyCount "108"]
[GameId "2160767910900525"]
[EventDate "2005.09.03"]
[EventType "swiss"]
[EventRounds "6"]
[EventCountry "CAN"]

1. e4 c5 2. Nf3 d6 3. c3 Nf6 4. g3 Nc6 5. d3 g6 6. Bg2 Bg7 7. O-O e5 8. Re1 O-O 9. Na3 Be6 10. Ng5 d5 11. Nc2 d4 12. Nxe6 fxe6 13. c4 Nh5 14. Bf3 Qf6 15. Kg2 Rf7 16. Rf1 Nf4+ 17. gxf4 Qh4 18. Bg4 Re8 19. Ne1 exf4 20. Qf3 Ne5 21. Qh3 Qxg4+ 22. Qxg4 Nxg4 23. h3 Ne5 24. f3 Rb8 25. a4 a6 26. a5 Bf8 27. Bd2 Be7 28. Ra3 Bh4 29. Nc2 b5 30. axb6 Rxb6 31. b4 Be7 32. Rb1 g5 33. Kf2 cxb4 34. Bxb4 a5 35. Rxa5 Nxd3+ 36. Ke2 Nxb4 37. Nxd4 Bf6 38. c5 Ra6 39. Rxa6 Nxa6 40. Nxe6 Re7 41. Rb6 Ra7 42. c6 Kf7 43. Kd3 Nc7 44. Nxc7 Rxc7 45. Rb7 Rxb7 46. cxb7 Be5 47. Kc4 Ke6 48. Kb5 h5 49. Kc4 h4 50. Kb5 g4 51. hxg4 h3 52. g5 h2 53. g6 h1=Q 54. Ka6 Qg1 0-1

[Event "Labour Day op"]
[Site "Victoria CAN"]
[Date "2005.09.05"]
[Round "6.6"]
[White "Cannon, Farley"]
[Black "Hunt, Lorne"]
[Result "1-0"]
[WhiteElo "1552"]
[BlackElo "1907"]
[PlyCount "51"]
[GameId "2160767910900526"]
[EventDate "2005.09.03"]
[EventType "swiss"]
[EventRounds "6"]
[EventCountry "CAN"]

1. e4 d6 2. d4 Nf6 3. Nc3 g6 4. Nf3 Bg7 5. Bc4 Nxe4 6. Bxf7+ Kxf7 7. Nxe4 h6 8. Bf4 Nd7 9. Qd3 Nf8 10. O-O-O Bf5 11. Qb3+ e6 12. Ng3 Bg4 13. h3 Bxf3 14. Qxf3 Qf6 15. Ne4 Qf5 16. g4 Qd5 17. Bxh6+ Kg8 18. Bxg7 Kxg7 19. Qf6+ Kg8 20. Ng5 e5 21. dxe5 Qxa2 22. e6 Qa1+ 23. Kd2 Qa5+ 24. c3 Qd5+ 25. Kc2 Qxg5 26. Qf7# 1-0

[Event "Labour Day op"]
[Site "Victoria CAN"]
[Date "2005.09.05"]
[Round "6.7"]
[White "Kalamae, Mike"]
[Black "Breel, Kevin"]
[Result "1/2-1/2"]
[WhiteElo "1370"]
[BlackElo "1580"]
[PlyCount "41"]
[GameId "2160767910900527"]
[EventDate "2005.09.03"]
[EventType "swiss"]
[EventRounds "6"]
[EventCountry "CAN"]

1. c3 d5 2. d4 Bf5 3. Nf3 e6 4. Bf4 Nf6 5. h3 Bd6 6. Ne5 Nbd7 7. g4 Bg6 8. Nxg6 fxg6 9. Bxd6 cxd6 10. e3 Ne4 11. Nd2 Ndf6 12. Nxe4 Nxe4 13. Bb5+ Kf8 14. Bf1 Qf6 15. Qe2 e5 16. O-O-O Nxf2 17. Bg2 Nxh1 18. Rxh1 Rc8 19. Qb5 exd4 20. exd4 Qxd4 21. Qxb7 1/2-1/2

[Event "Labour Day op U1800"]
[Site "Toronto CAN"]
[Date "2005.09.03"]
[Round "1"]
[White "Knox, Christopher"]
[Black "Jew, Harold"]
[Result "1-0"]
[WhiteElo "1476"]
[BlackElo "1771"]
[PlyCount "53"]
[GameId "2160767910900528"]
[EventDate "2005.09.03"]
[EventType "swiss"]
[EventRounds "6"]
[EventCountry "CAN"]
[SourceTitle "CFC 2005.12"]

1. d4 b5 2. Bf4 Bb7 3. Nd2 d6 4. e4 a6 5. Ngf3 g6 6. c4 c6 7. Bd3 Bg7 8. O-O Nf6 9. a4 b4 10. Nb3 a5 11. Re1 O-O 12. e5 Nh5 13. exd6 exd6 14. Bg5 Nf6 15. c5 dxc5 16. Nxc5 Qc7 17. Bc4 Nbd7 18. Re7 Rad8 19. Ne5 Bc8 20. Nxf7 Rxf7 21. Rxf7 Nd5 22. Bxd5 cxd5 23. Ne6 Qd6 24. Rxg7+ Kh8 25. Bxd8 Qxe6 26. Re7 Qg8 27. Rxd7 1-0

[Event "MacAdam mem."]
[Site "Victoria CAN"]
[Date "2005.01.22"]
[Round "1"]
[White "Pitre, Hanniegn"]
[Black "Brown, Paul2"]
[Result "1-0"]
[WhiteElo "2390"]
[BlackElo "2104"]
[PlyCount "65"]
[GameId "2160767911031485"]
[EventDate "2005.01.22"]
[EventType "swiss"]
[EventRounds "4"]
[EventCountry "CAN"]
[SourceTitle "EXT 2007"]
[Source "ChessBase"]
[SourceDate "2006.11.23"]
[SourceVersion "1"]
[SourceVersionDate "2006.11.23"]
[SourceQuality "1"]

1. e4 e6 2. d4 d5 3. e5 c5 4. f4 cxd4 5. Nf3 Nc6 6. a3 Nge7 7. b4 a6 8. Bb2 Nf5 9. Bd3 b5 10. Bxf5 exf5 11. Bxd4 Be6 12. Nc3 Be7 13. O-O Rc8 14. Qd2 Qc7 15. Ne2 O-O 16. Kh1 Qb7 17. c3 a5 18. Qd3 Rc7 19. Rfb1 a4 20. Rf1 Rfc8 21. Rac1 Nb8 22. Ng3 g6 23. h4 Rc4 24. h5 Qd7 25. hxg6 hxg6 26. Nd2 R4c7 27. Kh2 Nc6 28. Ne2 Kg7 29. Rh1 Rh8+ 30. Kg3 Rxh1 31. Rxh1 Rb7 32. Kf2 Kf8 33. Rh8+ 1-0

[Event "MacAdam mem."]
[Site "Victoria CAN"]
[Date "2005.01.22"]
[Round "2"]
[White "Pitre, Hanniegn"]
[Black "Yoos, John"]
[Result "0-1"]
[WhiteElo "2390"]
[BlackElo "1945"]
[PlyCount "62"]
[GameId "2160767911031486"]
[EventDate "2005.01.22"]
[EventType "swiss"]
[EventRounds "4"]
[EventCountry "CAN"]
[SourceTitle "EXT 2007"]
[Source "ChessBase"]
[SourceDate "2006.11.23"]
[SourceVersion "1"]
[SourceVersionDate "2006.11.23"]
[SourceQuality "1"]

1. e4 d6 2. d4 g6 3. Nc3 Bg7 4. Be3 Nf6 5. f3 O-O 6. Qd2 e5 7. Nge2 exd4 8. Nxd4 d5 9. e5 Nfd7 10. Bg5 Qe8 11. f4 c6 12. O-O-O Nc5 13. h3 Nba6 14. Bxa6 Nxa6 15. Rhe1 Nc7 16. g4 Ne6 17. Bf6 Bh6 18. g5 Bg7 19. Qf2 Nxd4 20. Rxd4 Bf5 21. Qh4 Qe6 22. Rg1 Rfc8 23. Rg4 h5 24. gxh6 Bxf6 25. exf6 Kh7 26. Rg3 Re8 27. Rd1 Rad8 28. b3 d4 29. Nb1 Qe2 30. Nd2 Re3 31. Rgg1 Rc3 0-1

[Event "MacAdam mem."]
[Site "Victoria CAN"]
[Date "2005.01.24"]
[Round "4"]
[White "Wu, Howard"]
[Black "Pitre, Hanniegn"]
[Result "1/2-1/2"]
[WhiteElo "2194"]
[BlackElo "2390"]
[PlyCount "120"]
[GameId "2160767911031488"]
[EventDate "2005.01.22"]
[EventType "swiss"]
[EventRounds "4"]
[EventCountry "CAN"]
[SourceTitle "EXT 2007"]
[Source "ChessBase"]
[SourceDate "2006.11.23"]
[SourceVersion "1"]
[SourceVersionDate "2006.11.23"]
[SourceQuality "1"]

1. e4 d5 2. exd5 Nf6 3. d4 Bg4 4. Nf3 Qxd5 5. Nc3 Bxf3 6. Nxd5 Bxd1 7. Nxf6+ gxf6 8. Kxd1 Nc6 9. c3 O-O-O 10. Kc2 e5 11. dxe5 fxe5 12. Bc4 Rd7 13. Be3 a6 14. Rad1 Bd6 15. Bd5 Nd8 16. Be4 Ne6 17. Bf5 h5 18. Bxe6 fxe6 19. Rd2 b5 20. Rhd1 Kb7 21. g3 Kc6 22. Kd3 Rhh7 23. Ke4 Rdf7 24. b3 Rhg7 25. Kd3 Rf3 26. Ke2 Rgf7 27. c4 h4 28. cxb5+ axb5 29. Rc2+ Kb7 30. a4 hxg3 31. hxg3 b4 32. Rc4 R3f6 33. Rdc1 c5 34. Rd1 Kc6 35. g4 Be7 36. Rdc1 Kd7 37. a5 Rf8 38. a6 Ra8 39. Ra1 Rff8 40. Bxc5 Rfc8 41. Bxe7 Rxc4 42. bxc4 Kxe7 43. Kd3 Kf6 44. c5 Kg5 45. Ra4 Kxg4 46. Ke4 b3 47. Kxe5+ Kf3 48. Ra3 Kxf2 49. Rxb3 Rxa6 50. Rb6 Ra5 51. Rc6 Ke3 52. Rc8 Kd3 53. Kxe6 Kc4 54. c6 Kc5 55. Kd7 Ra6 56. c7 Rd6+ 57. Ke7 Rc6 58. Ke8 Kd6 59. Kd8 Rc1 60. Ra8 Rxc7 1/2-1/2

[Event "Macskasy mem A"]
[Site "Vancouver CAN"]
[Date "2005.07.30"]
[Round "1.2"]
[White "Pechisker, Alfred"]
[Black "Ferguson, Jim"]
[Result "1-0"]
[WhiteElo "2226"]
[BlackElo "2127"]
[PlyCount "91"]
[GameId "2160767910900766"]
[EventDate "2005.07.30"]
[EventType "tourn"]
[EventRounds "5"]
[EventCountry "CAN"]
[SourceTitle "Scoresheets"]

1. d4 g6 2. c4 Bg7 3. Nc3 d6 4. e4 Nc6 5. Be3 e5 6. d5 Nce7 7. Bd3 f5 8. f3 Nf6 9. h3 f4 10. Bf2 Nh5 11. Nge2 Ng8 12. c5 Bf6 13. cxd6 cxd6 14. h4 Nh6 15. Rc1 a6 16. Qa4+ Kf8 17. Qb4 Nf7 18. Na4 Bd7 19. Nb6 Rb8 20. Nxd7+ Qxd7 21. Bxa6 Kg7 22. Bb5 Qe7 23. a4 h6 24. Rc4 Rhc8 25. Kd2 Qd8 26. a5 Rxc4 27. Bxc4 Ra8 28. Qb6 Rxa5 29. Qxb7 Ra8 30. Kc3 Qa5+ 31. Qb4 Qd8 32. Qb6 Qe7 33. b4 Qe8 34. Qc6 Qb8 35. b5 Nd8 36. Qd7+ Kf8 37. Rb1 Ng3 38. Nxg3 fxg3 39. Be3 g5 40. hxg5 Ra3+ 41. Kb2 Rxe3 42. gxf6 Nf7 43. Qe7+ Kg8 44. Ra1 Qf8 45. b6 Qd8 46. Kc2 1-0

[Event "Macskasy mem A"]
[Site "Vancouver CAN"]
[Date "2005.07.30"]
[Round "1.3"]
[White "North, Robert"]
[Black "Hardy, Justin"]
[Result "0-1"]
[WhiteElo "2005"]
[BlackElo "2082"]
[PlyCount "90"]
[GameId "2160767910900767"]
[EventDate "2005.07.30"]
[EventType "tourn"]
[EventRounds "5"]
[EventCountry "CAN"]
[SourceTitle "Scoresheets"]

1. d4 Nf6 2. c4 e6 3. Nf3 d5 4. Nc3 c6 5. e3 Nbd7 6. Bd3 Bd6 7. cxd5 exd5 8. O-O O-O 9. Bd2 Re8 10. Qc2 Nf8 11. h3 Qe7 12. a3 Ne4 13. b4 Ng6 14. Be1 f5 15. Nd2 a5 16. b5 Bxa3 17. bxc6 bxc6 18. Ncxe4 fxe4 19. Bxe4 dxe4 20. Qb3+ Kh8 21. Rxa3 Ba6 22. Rxa5 Bxf1 23. Rxa8 Rxa8 24. Nxf1 h6 25. Qb1 Qe6 26. Ng3 Re8 27. Qc2 Nf8 28. Ba5 Qd7 29. Bb4 Nh7 30. Qc5 Nf6 31. Nf5 Nd5 32. Nd6 Re6 33. Nc4 Rf6 34. Be1 Qf5 35. Qa5 Kh7 36. Ne5 c5 37. Ng4 Rc6 38. Ne5 Rc8 39. Qa2 Qe6 40. Qb1 Nf6 41. Bc3 c4 42. f3 Qd5 43. g4 Qa8 44. h4 Qb8 45. Qc2 Qb3 0-1

[Event "Macskasy mem A"]
[Site "Vancouver CAN"]
[Date "2005.07.30"]
[Round "2.2"]
[White "Ferguson, Jim"]
[Black "North, Robert"]
[Result "0-1"]
[WhiteElo "2127"]
[BlackElo "2005"]
[PlyCount "56"]
[GameId "2160767910900769"]
[EventDate "2005.07.30"]
[EventType "tourn"]
[EventRounds "5"]
[EventCountry "CAN"]
[SourceTitle "Scoresheets"]

1. e4 c5 2. Nf3 d6 3. c3 Nf6 4. h3 g6 5. Bd3 e5 6. O-O Nc6 7. Bc2 Bg7 8. d4 O-O 9. Re1 Qc7 10. Be3 b6 11. Nbd2 Ba6 12. a3 Rad8 13. Nf1 cxd4 14. cxd4 d5 15. exd5 Nxd5 16. Bg5 Rd7 17. Rc1 Qb7 18. Ba4 b5 19. Bb3 Nxd4 20. Nxe5 Bxe5 21. Rxe5 Nxb3 22. Qxb3 f6 23. Re6 fxg5 24. Rcc6 Kg7 25. Qg3 Nf4 26. Qxg5 Rf5 27. Qxf5 gxf5 28. Rxa6 Qxg2# 0-1

[Event "Macskasy mem A"]
[Site "Vancouver CAN"]
[Date "2005.07.30"]
[Round "2.3"]
[White "Berry, Jonathan"]
[Black "Pechisker, Alfred"]
[Result "1-0"]
[WhiteElo "2311"]
[BlackElo "2226"]
[PlyCount "81"]
[GameId "2160767910900770"]
[EventDate "2005.07.30"]
[EventType "tourn"]
[EventRounds "5"]
[EventCountry "CAN"]
[SourceTitle "Scoresheets"]

1. c4 Nf6 2. g3 c6 3. Nf3 d5 4. Bg2 Nbd7 5. cxd5 cxd5 6. d4 e6 7. Bf4 Bb4+ 8. Nbd2 O-O 9. Rc1 Ne8 10. Qc2 f5 11. O-O h6 12. Ne1 g5 13. Nd3 Qb6 14. Nxb4 Qxb4 15. Be5 Nxe5 16. dxe5 Bd7 17. Qc3 Qxc3 18. Rxc3 g4 19. Nb3 Kf7 20. Rfc1 Ke7 21. e3 Kd8 22. Nc5 Bc8 23. Bf1 Rf7 24. Bb5 Re7 25. Kf1 b6 26. Nb3 Nc7 27. Bd3 Bb7 28. Nd4 Ne8 29. Ke2 Ng7 30. Kd2 a6 31. a4 Rd7 32. Rb3 b5 33. axb5 axb5 34. Nxb5 Rc8 35. Nd6 Rxc1 36. Kxc1 Rc7+ 37. Kd2 Bc6 38. Rb8+ Ke7 39. b4 Ne8 40. b5 Bd7 41. b6 1-0